Loading...
| Beliefs | 4 | 10.00 | 25% | 50% | 25% |
| Fine Arts - Classical Music and Opera | 4 | 17.50 | 75% | 25% | 75% |
| Fine Arts - Other | 4 | 15.00 | 50% | 75% | 25% |
| Fine Arts - Visual | 5 | 12.00 | 40% | 40% | 40% |
| Geography | 3 | 13.33 | 100% | 0% | 33% |
| History - European | 5 | 4.00 | 40% | 0% | 0% |
| History - Other | 5 | 12.00 | 60% | 60% | 0% |
| History - US | 3 | 10.00 | 33% | 0% | 67% |
| History - World | 5 | 12.00 | 20% | 40% | 60% |
| Literature - American | 6 | 13.33 | 50% | 33% | 50% |
| Literature - British | 3 | 6.67 | 0% | 33% | 33% |
| Literature - European | 3 | 10.00 | 33% | 67% | 0% |
| Literature - World | 5 | 12.00 | 40% | 20% | 60% |
| Modern World | 2 | 15.00 | 0% | 50% | 100% |
| Other Academic | 2 | 15.00 | 50% | 50% | 50% |
| Philosophy | 4 | 10.00 | 0% | 75% | 25% |
| Science - Biology | 6 | 10.00 | 17% | 50% | 33% |
| Science - Chemistry | 4 | 15.00 | 75% | 50% | 25% |
| Science - Earth | 1 | 0.00 | 0% | 0% | 0% |
| Science - Other | 7 | 8.57 | 57% | 29% | 0% |
| Science - Physics | 4 | 10.00 | 25% | 50% | 25% |
| Social Science | 4 | 12.50 | 50% | 50% | 25% |